00883 2200325 4500001002100000005001500021035002000036007000300056040001700059043000900076100007300085245001900158250001400177300003200191020002200223041001300245082001700258084001700275264003600292336001500328337001300343338001500356650002400371850001200395990003000407990003000437990003000467990003000497990003000527INLIS00000000106899120260416085120 a0010-0426000104ta aJKPNPNAbRDA aa-io aDr. Aidh Al-QarnitJEMBATAN CINTAtDr. Aidh Al-QarnitJEMBATAN CINTA aJEMBATAN CINTA aCetakan I a222Hlm :bIlustrasi ;c21cm a978-602-9396-22-5 aRDAbIND a297.51 AID j a297.51 AID j aSurabaya :bPUSTAKA ELBA,c2015 2rdacontent 2rdamedia 2rdacarrier aNasihat Dalam Islam aJKPNPNA a47292/DAU PENDIDIKAN/2025 a47293/DAU PENDIDIKAN/2025 a47294/DAU PENDIDIKAN/2025 a47295/DAU PENDIDIKAN/2025 a47296/DAU PENDIDIKAN/2025